Social indicators research
| Formato: | Electrónico Revista |
|---|---|
| Lenguaje: | inglés |
| Publicado: |
Dordrecht :
D. Reidel Pub.,
1974-
[Dordrecht] : Kluwer Academic Publishers [Dordrecht] : Springer Netherlands |
| Materias: | |
| Acceso en línea: | Full text available from Research Library: 01/01/1999 to 1 year ago |
MARC
| LEADER | 00000nas a2200000 a 4500 | ||
|---|---|---|---|
| 001 | ssj0005454 | ||
| 003 | WaSeSS | ||
| 005 | 20200512172242.0 | ||
| 006 | m d | ||
| 007 | cr n | ||
| 008 | 990729c19749999ne tx pss 0 a0eng c | ||
| 010 | |a 2004233530 | ||
| 015 | |a 17,O11 |2 dnb | ||
| 016 | 7 | |a 2018687-3 |2 DE-600 | |
| 016 | 7 | |a 020577249 |2 DE-101 | |
| 016 | 7 | |a 012435034 |2 Uk | |
| 022 | |a 1573-0921 |l 0303-8300 |y 0303-8300 | ||
| 024 | 8 | |a pq15823 | |
| 030 | |a SINRDZ | ||
| 035 | |a (WaSeSS)ssj0005454 | ||
| 040 | |a F#A |b eng |e pn |c F#A |d OCLCQ |d GUA |d U9S |d EYM |d GUA |d OCLCQ |d OCLCO |d OCLCQ |d BUF |d CUD |d AU@ |d OCLCO |d OCLCQ |d OCLCF |d OCLCO |d OCLCQ |d DEBBG |d GWDNB |d GILDS |d OCLCO |d UKMGB |d VT2 |d DLC |d NJT |d WaSeSS | ||
| 042 | |a pcc | ||
| 050 | 0 | 0 | |a HN25 |
| 060 | 0 | 0 | |a W1 |b SO115 |
| 082 | 0 | 4 | |a 309.072 |
| 130 | 0 | |a Social indicators research (Online) | |
| 210 | 0 | |a Soc. indic. res. |b (Dordr., Online) | |
| 222 | 0 | |a Social indicators research |b (Dordrecht. Online) | |
| 245 | 1 | 0 | |a Social indicators research |h [electronic resource]. |
| 260 | |3 1974-Feb. 1988 : |a Dordrecht : |b D. Reidel Pub., |c 1974- | ||
| 260 | 2 | |3 Apr. 1988-Dec. 2004 : |a [Dordrecht] : |b Kluwer Academic Publishers | |
| 260 | 3 | |3 2005- : |a [Dordrecht] : |b Springer Netherlands | |
| 310 | |a Three times a year | ||
| 321 | |a Fifteen no. a year, |b 2004- | ||
| 321 | |a Frequency varies, |b 1974-1992 | ||
| 321 | |a Nine no. a year, |b 1993-1999 | ||
| 321 | |a Twelve no. a year, |b 2000-2003 | ||
| 362 | 1 | |a Began with Vol. 1, issue 1 (May 1974). | |
| 500 | |a "An international and interdisciplinary journal for quality-of-life measurement." | ||
| 500 | |a Title from cover (). | ||
| 506 | |a License restrictions may limit access. | ||
| 515 | |a Some nos. and vols. issued in combined form. | ||
| 538 | |a Mode of access: World Wide Web. | ||
| 588 | |a Description based on: Vol. 1, issue 1 (May 1974); title from journal homepage (JSTOR, viewed Aug. 21, 2009). | ||
| 588 | |a Latest issue consulted: Vol. 142, issue 1 (Feb. 2019) (Springer Link, viewed Feb. 27, 2019). | ||
| 650 | 0 | |a Social indicators |v Periodicals. | |
| 650 | 6 | |a Indicateurs sociaux |v Périodiques. | |
| 650 | 7 | |a Social indicators. |2 fast |0 (OCoLC)fst01122522 | |
| 655 | 0 | |a Electronic journals. | |
| 776 | 0 | 8 | |i Print version: |t Social indicators research |x 0303-8300 |w (DLC) 74645879 |w (OCoLC)1794824 |
| 850 | |a DLC | ||
| 856 | 4 | 0 | |z Full text available from Research Library: 01/01/1999 to 1 year ago |u https://search.proquest.com/publication/36473 |